|
|
|
|
| LEADER |
01939nam a22003974a 4500 |
| 001 |
41392 |
| 003 |
BD-DhAAL |
| 005 |
20230718162453.0 |
| 008 |
230718t2002 dcua b 101 0 eng |
| 010 |
|
|
|a 2002013180
|
| 020 |
|
|
|a 081575289X (pbk. : alk. paper)
|
| 040 |
|
|
|a DLC
|c DLC
|d DLC
|d BD-DhAAL
|
| 042 |
|
|
|a pcc
|
| 043 |
|
|
|a d------
|
| 050 |
0 |
0 |
|a HG195
|b .F5364 2002
|
| 082 |
0 |
0 |
|a 332.1091724
|2 21
|
| 245 |
0 |
0 |
|a Financial sector governance :
|b the roles of the public and private sectors /
|c Robert E. Litan, Michael Pomerleano, V. Sundararajan, editors.
|
| 260 |
|
|
|a Washington, D.C. :
|b Brookings Institution Press,
|c c2002.
|
| 300 |
|
|
|a x, 451 pages :
|b illustrations ;
|c 23 cm.
|
| 490 |
|
|
|a World Bank/IMF/Brookings emerging markets series
|
| 500 |
|
|
|a Papers commissioned as part of a conference on emerging markets finance held in New York in April 2002, and sponsored by the World Bank Group, the International Monetary Fund, and the Brookings Institution.
|
| 500 |
|
|
|a Copublished with the World Bank and the International Monetary Fund.
|
| 504 |
|
|
|a Includes bibliographical references and index.
|
| 541 |
|
|
|a Donated By Akbar Ali Khan
|e 41392
|
| 650 |
|
0 |
|a Financial institutions
|z Developing countries
|v Congresses.
|9 55141
|
| 650 |
|
0 |
|a Corporate governance
|z Developing countries
|v Congresses.
|9 55142
|
| 650 |
|
0 |
|a Capital market
|z Developing countries
|v Congresses.
|9 55143
|
| 700 |
1 |
|
|a Litan, Robert E.,
|d 1950-
|9 53308
|
| 700 |
1 |
|
|a Pomerleano, Michael.
|9 52353
|
| 700 |
1 |
|
|a Sundararajan, Vasudevan.
|9 47038
|
| 710 |
2 |
|
|a World Bank.
|
| 710 |
2 |
|
|a International Monetary Fund.
|
| 852 |
|
|
|a Ayesha Abed Library
|c Akbar Ali Khan Collection
|
| 942 |
|
|
|2 ddc
|c BK
|
| 999 |
|
|
|c 46001
|d 46001
|
| 952 |
|
|
|0 0
|1 0
|2 ddc
|4 0
|6 332_109172400000000_FIN
|7 1
|9 74090
|a BRACUL
|b BRACUL
|c AAKC
|d 2023-07-18
|g 4693.50
|l 0
|o 332.1091724 FIN
|p 3010041392
|r 2023-07-18
|t 1
|w 2023-07-18
|y BK
|x price are not available in book (collected from amazon.com )
|